000
00302nam a22001337a 4500
008
170407b xxu||||| |||| 00| 0 eng d
020
_a
0444007164
041
_a
eng
080
_a
611.018
100
_a
9
101
_a
SHM
245
_a
HISTOLOGY CELL AND TISSUE BIOLOGY
_c
WEIS.L
942
_2
udc
_c
BK
999
_c
10063
_d
10063